The greatest (Record no. 70060)
[ view plain ]
| 000 -LEADER | |
|---|---|
| fixed length control field | 03512cgm a2200697Ka 4500 |
| 001 - CONTROL NUMBER | |
| control field | ocn608103998 |
| 003 - CONTROL NUMBER IDENTIFIER | |
| control field | OCoLC |
| 005 - DATE AND TIME OF LATEST TRANSACTION | |
| control field | 20241220125246.0 |
| 008 - FIXED-LENGTH DATA ELEMENTS--GENERAL INFORMATION | |
| fixed length control field | 100420p20102009xxu100 vleng d |
| 007 - PHYSICAL DESCRIPTION FIXED FIELD--GENERAL INFORMATION | |
| fixed length control field | vd cvaizq |
| 040 ## - CATALOGING SOURCE | |
| Original cataloging agency | TEFMT |
| Transcribing agency | TEFMT |
| Modifying agency | TEF |
| -- | JST |
| -- | GK5 |
| -- | UINTA |
| 020 ## - INTERNATIONAL STANDARD BOOK NUMBER | |
| International Standard Book Number | 1417212624 |
| 020 ## - INTERNATIONAL STANDARD BOOK NUMBER | |
| International Standard Book Number | 9781417212620 |
| 024 1# - OTHER STANDARD IDENTIFIER | |
| Standard number or code | 652405001399 |
| 028 42 - PUBLISHER NUMBER | |
| Publisher number | NEM-DV-13 |
| Source | National Entertainment Media |
| 035 ## - SYSTEM CONTROL NUMBER | |
| System control number | (OCoLC)608103998 |
| 037 ## - SOURCE OF ACQUISITION | |
| Source of stock number/acquisition | Midwest Tape |
| Note | http://www.midwesttapes.com |
| 041 1# - LANGUAGE CODE | |
| Language code of text/sound track or separate title | eng |
| -- | eng |
| -- | spa |
| Language code of original and/or intermediate translations of text | eng |
| 050 #4 - LIBRARY OF CONGRESS CALL NUMBER | |
| Classification number | PN1997.2 |
| Item number | .G74 2010 |
| 082 04 - DEWEY DECIMAL CLASSIFICATION NUMBER | |
| Classification number | 791.43/72 |
| Edition number | 22 |
| 049 ## - LOCAL HOLDINGS (OCLC) | |
| Holding library | UCLB |
| 092 ## - LOCALLY ASSIGNED DEWEY CALL NUMBER (OCLC) | |
| Classification number | 791.437 |
| 245 04 - TITLE STATEMENT | |
| Title | The greatest |
| Medium | [videorecording] / |
| Statement of responsibility, etc | Barbarian Film Group in association with Oceana Media Finance presents a Silverwood Films/Irish Dreamtime Production a Shana Feste film ; produced by Lynette Howell, Beau St. Clair ; written and directed by Shana Feste. |
| 260 ## - PUBLICATION, DISTRIBUTION, ETC. (IMPRINT) | |
| Place of publication, distribution, etc | [United States] : |
| Name of publisher, distributor, etc | National Entertainment Media ; Port Washington, N. Y. : |
| -- | Manufactured and distributed by E1 Entertainment, |
| Date of publication, distribution, etc | 2010. |
| 300 ## - PHYSICAL DESCRIPTION | |
| Extent | 1 videodisc (100 min.) : |
| Other physical details | sd., col. ; |
| Dimensions | 4 3/4 in. |
| 508 ## - CREATION/PRODUCTION CREDITS NOTE | |
| Creation/production credits note | Laura Rosenthal and Ali Farrell, casting; Manish Raval and Tom Wolfe, music supervisors; Nissa Ren Cannon, Chris Charalambous, associate producers; Luca Mosca, costume designer; Christophe Beck, music; Cara Silverman, editor; Judy Rhee, prouction designer; John Bailey, director of photography; Katie Mustard, Amanda J. Scarano, co-producers; Pierce Brosnan ... [et al.], executive producers. |
| 511 1# - PARTICIPANT OR PERFORMER NOTE | |
| Participant or performer note | Aaron Johnson, Carey Mulligan, Pierce Brosnan, Susan Sarandon, Johnny Simmons, Zoe Kravitz, Michael Shannon. |
| 538 ## - SYSTEM DETAILS NOTE | |
| System details note | DVD, 16X9 (2.35:1) aspect ratio, 5.1 Dolby surround sound, 2.0 Dolby Digital. |
| 546 ## - LANGUAGE NOTE | |
| Language note | Subtitled for the deaf and hard of hearing. |
| 546 ## - LANGUAGE NOTE | |
| Language note | English dialogue; Spanish subtitles. |
| 500 ## - GENERAL NOTE | |
| General note | Language information from DVD setup menu. Container doesn't indicate Spanish subtitles. |
| 521 8# - TARGET AUDIENCE NOTE | |
| Target audience note | Rating: R; for language, some sexual content and drug use. |
| 500 ## - GENERAL NOTE | |
| General note | Bonus features include interviews with the director and actors and deleted scenes. |
| 520 ## - SUMMARY, ETC. | |
| Summary, etc | Three months after Allen and Grace's son dies, a young woman shows up pregnant with his child. At first her arrival threatens to tear the family further apart, but eventually she proves to be the very thing that brings them back together. |
| 650 #0 - SUBJECT ADDED ENTRY--TOPICAL TERM | |
| Topical term or geographic name as entry element | Grief |
| Form subdivision | Drama. |
| 9 (RLIN) | 5724925 |
| 650 #0 - SUBJECT ADDED ENTRY--TOPICAL TERM | |
| Topical term or geographic name as entry element | Families |
| Form subdivision | Drama. |
| 9 (RLIN) | 5675607 |
| 650 #7 - SUBJECT ADDED ENTRY--TOPICAL TERM | |
| Topical term or geographic name as entry element | Pena |
| Form subdivision | Teatro. |
| Source of heading or term | bidex |
| 9 (RLIN) | 6512291 |
| 650 #7 - SUBJECT ADDED ENTRY--TOPICAL TERM | |
| Topical term or geographic name as entry element | Familias |
| Form subdivision | Teatro. |
| Source of heading or term | bidex |
| 9 (RLIN) | 5692802 |
| 655 #0 - INDEX TERM--GENRE/FORM | |
| Genre/form data or focus term | Feature films. |
| 9 (RLIN) | 6209119 |
| 655 #0 - INDEX TERM--GENRE/FORM | |
| Genre/form data or focus term | Fiction films. |
| 9 (RLIN) | 6209120 |
| 655 #0 - INDEX TERM--GENRE/FORM | |
| Genre/form data or focus term | Video recordings for the hearing impaired. |
| 9 (RLIN) | 6209121 |
| 655 #7 - INDEX TERM--GENRE/FORM | |
| Genre/form data or focus term | Feature films. |
| Source of term | gsafd |
| 9 (RLIN) | 6209119 |
| 700 1# - ADDED ENTRY--PERSONAL NAME | |
| Personal name | Feste, Shana. |
| 9 (RLIN) | 6209122 |
| 700 1# - ADDED ENTRY--PERSONAL NAME | |
| Personal name | Johnson, Aaron. |
| 9 (RLIN) | 76204 |
| 700 1# - ADDED ENTRY--PERSONAL NAME | |
| Personal name | Mulligan, Carey, |
| Dates associated with a name | 1985- |
| 9 (RLIN) | 72709 |
| 700 1# - ADDED ENTRY--PERSONAL NAME | |
| Personal name | Brosnan, Pierce. |
| 9 (RLIN) | 45531 |
| 700 1# - ADDED ENTRY--PERSONAL NAME | |
| Personal name | Sarandon, Susan, |
| Dates associated with a name | 1946- |
| 9 (RLIN) | 23755 |
| 700 1# - ADDED ENTRY--PERSONAL NAME | |
| Personal name | Simmons, Johnny, |
| Dates associated with a name | 1986- |
| 9 (RLIN) | 5953261 |
| 700 1# - ADDED ENTRY--PERSONAL NAME | |
| Personal name | Kravitz, Zoe. |
| 9 (RLIN) | 5762404 |
| 700 1# - ADDED ENTRY--PERSONAL NAME | |
| Personal name | Shannon, Michael. |
| 9 (RLIN) | 33405 |
| 700 1# - ADDED ENTRY--PERSONAL NAME | |
| Personal name | Beck, Christophe. |
| 9 (RLIN) | 67037 |
| 710 2# - ADDED ENTRY--CORPORATE NAME | |
| Corporate name or jurisdiction name as entry element | National Entertainment Media, Inc. |
| 9 (RLIN) | 6209123 |
| 710 2# - ADDED ENTRY--CORPORATE NAME | |
| Corporate name or jurisdiction name as entry element | E1 Entertainment (Firm) |
| 9 (RLIN) | 5709785 |
| 710 2# - ADDED ENTRY--CORPORATE NAME | |
| Corporate name or jurisdiction name as entry element | Barbarian Film Group. |
| 9 (RLIN) | 6209124 |
| 710 2# - ADDED ENTRY--CORPORATE NAME | |
| Corporate name or jurisdiction name as entry element | Oceana Media Finance. |
| 9 (RLIN) | 6209125 |
| 710 2# - ADDED ENTRY--CORPORATE NAME | |
| Corporate name or jurisdiction name as entry element | Silverwood Films. |
| 9 (RLIN) | 6209126 |
| 710 2# - ADDED ENTRY--CORPORATE NAME | |
| Corporate name or jurisdiction name as entry element | Irish Dreamtime (Firm) |
| 9 (RLIN) | 69275 |
| 942 ## - ADDED ENTRY ELEMENTS (KOHA) | |
| Koha item type | DVD |
| 994 ## - | |
| -- | C0 |
| -- | UINTA |
| 998 ## - LOCAL CONTROL INFORMATION (RLIN) | |
| -- | a135195 |
| Withdrawn status | Lost status | Source of classification or shelving scheme | Damaged status | Not for loan | Collection code | Home library | Current library | Shelving location | Date acquired | Source of acquisition | Cost, normal purchase price | Total Checkouts | Total Renewals | Full call number | Barcode | Date last seen | Date checked out | Cost, replacement price | Price effective from | Koha item type |
|---|---|---|---|---|---|---|---|---|---|---|---|---|---|---|---|---|---|---|---|---|
| Dewey Decimal Classification | Movies | Wasatch County Library | Wasatch County Library | Audio Visual Area | 08/03/2010 | Amazon | 15.95 | 56 | 6 | DVD Gre | 34301001614447 | 03/07/2024 | 06/22/2023 | 15.95 | 03/20/2020 | DVD |
